LIBRARY ONLINE CATALOGUE

Chemistry / (Record no. 10705)

MARC details
000 -LEADER
fixed length control field 00647nam a22002292 4500
001 - CONTROL NUMBER
control field 0000003874
005 - DATE AND TIME OF LATEST TRANSACTION
control field 20151217154342.0
008 - FIXED-LENGTH DATA ELEMENTS--GENERAL INFORMATION
fixed length control field 070516s xx 000 0 eng d
020 ## - INTERNATIONAL STANDARD BOOK NUMBER
International Standard Book Number 0333962579 :
Terms of availability KES 3,465
040 ## - CATALOGING SOURCE
Original cataloging agency KABU
Transcribing agency KABU
050 #0 - LIBRARY OF CONGRESS CALL NUMBER
Classification number QD31.2
Item number .L49 2001
100 1# - MAIN ENTRY--PERSONAL NAME
Personal name Lewis, Rob.
-- 0000016609
245 10 - TITLE STATEMENT
Title Chemistry /
Statement of responsibility, etc. Rob Lewis and Wynne Evans.
250 ## - EDITION STATEMENT
Edition statement 2nd ed.
260 ## - PUBLICATION, DISTRIBUTION, ETC. (IMPRINT)
Place of publication, distribution, etc. New York :
Name of publisher, distributor, etc. Palgrave Macmillan,
Date of publication, distribution, etc. 2001.
300 ## - PHYSICAL DESCRIPTION
Extent xi, 465 p.
650 #0 - SUBJECT ADDED ENTRY--TOPICAL TERM
Topical term or geographic name as entry element Chemistry.
-- 0000148202
700 1# - ADDED ENTRY--PERSONAL NAME
Personal name Evans, Wynne.
-- 0000154086
908 ## - PUT COMMAND PARAMETER (RLIN)
Put command parameter 070516
950 ## - LOCAL HOLDINGS (RLIN)
-- 1
Holdings
Withdrawn status Lost status Source of classification or shelving scheme Not for loan Home library Current library Date acquired Total Checkouts Total Renewals Full call number Barcode Date last seen Date last checked out Price effective from Koha item type
    Library of Congress Classification   Kabarak, Main Campus Kabarak, Main Campus 17/12/2015 7 1 QD31.2 .L49 2001 006233 12/06/2023 02/06/2023 17/12/2015 General Collection